000 00946cam a2200265 a 4500
001 000012236
005 20200929162745.0
008 000720s1992 ck a b 000 0 spa
020 _a958905725X
040 _aDO-SdBNP
_cDLC
_dBNPHU
082 _a371.334
_bG182i
100 1 _aGalvis Panqueva, Alvaro.
_928881
245 1 0 _aIngenieria de software educativo /
_cAlvaro H. Galvis Panqueva.
260 _aSantafé de Bogotá, (Colombia) :
_bUniandes,
_c1992.
300 _axxiii, 359 p. :
_bil. ;
_c24 cm.
490 1 _aBiblioclase
500 _aPrimera reimpresión, 1997
504 _aBibliografía: (p. [349]-359).
586 _aPremio nacional de pedagogía, 1993. Meción de honor al autor categoria innovación.
650 4 _aEnseñanza con ayudas de computadores
_928882
650 4 _aIngeniería de software
_xEstudio y enseñanza
_928883
830 0 _aBiblioclase.
_928884
910 _aCatalogación por copia/LC
049 _aBNGR
999 _c11895
_d11895